| 000 | 00940ngm a2200193 a 4500 | ||
|---|---|---|---|
| 005 | 20240424063733.0 | ||
| 008 | 050418s2004 mx 120 aaspa d | ||
| 035 | _aUPN01000138119 | ||
| 049 | _aAV | ||
| 050 | 4 | _aDVD GN 15 | |
| 245 | 0 | 0 |
_aCeremonias sagradas : _ben búsqueda de la historia. |
| 260 |
_a[E.U.A.] : _bThe history channel : _bUSA video, _cc2004. |
||
| 300 |
_a1 DVD (120 min.) : _bson. col. ; _c4 3/4 plg. |
||
| 500 | _aEl material incluye : capítulos con versiones inglés y subtítulos en español | ||
| 520 | _aViajemos alrededor del mundo para investigar ritos históricos y para descubrir cómo enriquecen a las culturas que los crearon. Vean por ejemplo una ceremonia en Papau Nueva Guinea, donde la piel de un joven es grabada y tallada con los patrones que simbolizan las escamas de un cocodrilo | ||
| 650 | 2 |
_aRitos y ceremonias _xAspectos sociales _913846 |
|
| 650 | 4 |
_aRitualismo _921915 |
|
| 905 | _aElectrónico | ||
| 999 |
_c110267 _d110267 |
||